| 000 | 00000nas 2200000zi 4500 |
| 001 | 9.901980 |
| 003 | CaOODSP |
| 005 | 20230907083930 |
| 006 | m o d f |
| 007 | cr cn |||||||| |
| 008 | 210723c20219999oncar p o f0###b0fre|d |
| 022 | |a2564-1808 |
| 040 | |aCaOODSP|bfre|erda|cCaOODSP |
| 043 | |an-cn--- |
| 086 | 1 |aT40-4F-PDF |
| 110 | 1 |aCanada. |bTransports Canada, |eauteur, |eorganisme de publication. |
| 222 | 0|aPlan d'adaptation aux changements climatiques |
| 245 | 10|aPlan d'adaptation aux changements climatiques / |cTransports Canada. |
| 246 | 13|aPlan d’adaptation aux changements climatiques de Transports Canada |
| 264 | 1|a[Ottawa] : |bTransport Canada = Transports Canada, |c2021- |
| 310 | |aAnnuel |
| 336 | |atexte|btxt|2rdacontent/fre |
| 337 | |ainformatique|bc|2rdamedia/fre |
| 338 | |aressource en ligne|bcr|2rdacarrier/fre |
| 362 | 1 |aParaît depuis : 2021-2022 à 2025-2026. |
| 500 | |aPublié aussi en anglais sous le titre : Transport Canada's climate change adaptation plan. |
| 588 | |aDescription d'après : 2021-2022 à 2025-2026. |
| 588 | |aDernière livraison consultée : 2021-2022 à 2025-2026. |
| 610 | 16|aCanada. |bTransports Canada|vPériodiques. |
| 650 | 6|aClimat|xChangements|xAtténuation|zCanada|vPériodiques. |
| 655 | 7|aPériodiques|2rvmgf |
| 775 | 08|tTransport Canada's climate change adaptation plan.|w(CaOODSP)9.901979 |